000 01337nam a2200337 a 4500
001 ebr5001610
003 CaPaEBR
006 m u
007 cr cn|||||||||
008 910516s1992 enka sb 001 0 eng
010 _z 91020993
020 _z0415069688
020 _z0415069696 (pbk.)
040 _aCaPaEBR
_cCaPaEBR
035 _a(OCoLC)228039797
050 1 4 _aLA632
_b.W47 1992eb
082 0 4 _a379.1/54
_220
100 1 _aWilcox, B.
_q(Brian)
245 1 0 _aTime-constrained evaluation
_h[electronic resource] :
_ba practical approach for LEAs and schools /
_cBrian Wilcox.
260 _aLondon ;
_aNew York :
_bRoutledge,
_c1992.
300 _axiv, 223 p. :
_bill.
490 1 _aEducational management series
504 _aIncludes bibliographical references (p. 212-218) and index.
533 _aElectronic reproduction.
_bPalo Alto, Calif. :
_cebrary,
_d2013.
_nAvailable via World Wide Web.
_nAccess may be limited to ebrary affiliated libraries.
650 0 _aEducation
_zGreat Britain
_xEvaluation.
650 0 _aEducational accountability
_zGreat Britain.
655 7 _aElectronic books.
_2local
710 2 _aebrary, Inc.
830 0 _aEducational management series.
856 4 0 _uhttp://site.ebrary.com/lib/rucke/Doc?id=5001610
_zAn electronic book accessible through the World Wide Web; click to view
999 _c1252
_d1252